Tragedias /

Guardado en:
Autor Principal: Marlowe, Christopher.
Otros Autores: Luaces, Juan G. de; trad.
Formato: Libro
Idioma:Undetermined
Publicado: Buenos Aires : Hyspamérica, 1984.
Edición:1a ed.
Series:Historia Universal de la Literatura ; 68
Materias:
Etiquetas: Agregar Etiqueta
Sin Etiquetas, Sea el primero en etiquetar este registro!
LEADER 00723nam a22002055a 4500
001 CEM.cems024572
008 250505s1984####ag############000#0#und#d
005 20250505134750.0
245 1 0 |a Tragedias /  |c Christopher Marlowe ; traducción de Juan G. de Luaces. 
250 |a 1a ed. 
260 |a Buenos Aires :  |b Hyspamérica,  |c 1984. 
300 |a 316 p. 
490 1 |a Historia Universal de la Literatura ;  |v 68 
505 0 |a Tarmerlán el grande -- La trágica historia del Doctor Fausto -- Eduardo Segundo 
020 |a 9506141711 
100 1 |a Marlowe, Christopher. 
700 1 |a Luaces, Juan G. de; trad. 
653 |a Literatura inglesa 
653 |a Teatro inglés 
859 |a CEMS  |b BIB. CEMS - 11 de abril  |h 822.3  |i M344  |p 29759.25  |t Ej.1